=LDR 00000nam 2200000 4500 =001 INLIS000000000045490 =005 20170220140627.0 =006 =007 =008 =020 ##$$a 978-602-8356-20-6 =035 ##$$0010-021500000000050 =040 ##$$a NBPDMAT =082 ##$$a 028.5 =090 ##$$a 028.5 $b Dop s =100 ##$$a Do Pictures =245 ##$$a Seri aku tahu : $b mengapa mobil bisa melaju / $c Maskal Do Pictures =260 ##$$a Jakarta : $b Mobil Edumedia, $c 2013 =300 ##$$a 24 hlm. : $b ilus. ; $c 25 cm. =650 ##$$a Bacaan kanak-kanak =990 ##$$a 0001/BPAP-NTB/20142015 =990 ##$$a 21420072 =990 ##$$a 21420073 =990 ##$$a 21420074 =990 ##$$a 21420075 =990 ##$$a 21420076 =990 ##$$a 21601887/BPAP-NTB/2017